000 00633nam a2200241#a 4500
001 00673
003 HDC
007 ta
008 230623s1992 xx 000 0 eng d
020 _a9679959848 (pbk.).
040 _aHDC
050 _aHF 5726
_b.D84 1992
100 _aDugger, Jim.
245 0 _aBusiness letters for busy people /
_cby Jim Dugger.
264 _aKuala Lumpur :
_bGolden Books Centre Sdn Bhd,
_c1992
300 _a180p. ;
_c 23cm
500 _aIncludes index.
650 _aCommercial correspondence
_xHandbooks, manuals, etc.
942 _2lcc
942 _cBK
942 _kHF 5726
942 _m.D84 1992
999 _c22292
_d22292